La Liga Top Goal Scorers 2024/25 - Statistics

General Stats
  • This quiz has been taken 48 times
  • The average score is 4 of 8
Answer Stats
Goals Answer % Correct
18 Robert Lewandowski
96%
15 Kylian Mbappé
91%
8 Vinícius Júnior
91%
12 Raphinha
85%
12 Ante Budimir
39%
9 Ayoze Pérez
20%
9 Dodi Lukebakio
11%
9 Kike García
11%
No matching quizzes found
Score Distribution
Percent of People with Each Score
Percentile by Number Answered
Your Score History
You have not taken this quiz